000 00847nam a2200229Ia 4500
999 _c38635
_d38635
001 4827
003 GE_BSU
005 20190813100250.0
008 181216s2010||||ge |||||||||||||| ||geo||
020 _a9799941152719
040 _cGE_BSU
041 _ageo
080 _a321 + 321.6 + 342.5 + 32.001 მ-18
100 _aმაკიაველი, ნიკოლო
_93534
245 _aმთავარი /
_cნიკოლო მაკიაველი ; რედ. თეა ქიტოშვილი.
264 _aთბილისი :
_bბაკურ სულაკაურის გამ-ბა ;
_c2010.
300 _a212 გვ. ;
_c20 სმ.
541 _h11ლ.90თ.
653 _aმთავარი
700 _aქიტოშვილი, თეა
_eრედაქტორი
_93281
942 _cBK
_2udc